[Event "CAN-ch U20 1978-79"]
[Site "Calgary CAN"]
[Date "1978.12.26"]
[Round "1"]
[White "Barbeau, Sylvain"]
[Black "Ross, Dave"]
[Result "1-0"]
[WhiteElo "1968"]
[BlackElo "1969"]
[PlyCount "61"]
[EventDate "1978.12.26"]
[EventType "tourn"]
[EventRounds "11"]
[EventCountry "CAN"]

1. Nf3 f5 2. g3 Nf6 3. Bg2 g6 4. b3 Bg7 5. Bb2 d6 6. d4 c6 7. O-O O-O 8. c4 a5
9. a3 h6 10. Qc2 Na6 11. Nbd2 Bd7 12. Nh4 Qe8 13. e4 fxe4 14. Nxe4 g5 15. Nf3
Nxe4 16. Qxe4 Bf5 17. Qe3 Qg6 18. Rad1 Rf7 19. Rd2 Raf8 20. Bc3 Bg4 21. Ne1 Qh5
22. Bxa5 Bh3 23. Bc3 Bxg2 24. Kxg2 g4 25. Rd3 Qh3+ 26. Kg1 Rf5 27. f4 e5 28.
dxe5 dxe5 29. Rd7 Bh8 30. Nd3 h5 31. Nf2 1-0

[Event "CAN-ch U20 1978-79"]
[Site "Calgary CAN"]
[Date "1978.12.27"]
[Round "2"]
[White "Morgan, Scott"]
[Black "Barbeau, Sylvain"]
[Result "0-1"]
[WhiteElo "1821"]
[BlackElo "1968"]
[PlyCount "98"]
[EventDate "1978.12.26"]
[EventType "tourn"]
[EventRounds "11"]
[EventCountry "CAN"]

1. e4 c5 2. Nf3 Nc6 3. d4 cxd4 4. Nxd4 Nf6 5. Nc3 d6 6. Bc4 e6 7. O-O Be7 8.
Bb3 O-O 9. Be3 a6 10. f4 Na5 11. Qe2 Qc7 12. Rad1 b5 13. a3 Rb8 14. Bf2 Nc4 15.
Bxc4 bxc4 16. Rb1 Nd7 17. Kh1 Re8 18. f5 Ne5 19. Qh5 Bd7 20. Bg3 Bf6 21. Bh4 g6
22. Qh6 Ng4 23. Qf4 Bxh4 24. Qxg4 Qd8 25. Qf3 Bg5 26. f6 Bh6 27. Qh3 Bf8 28.
Nde2 Bc6 29. Rf4 e5 30. Rh4 Qxf6 31. Rxh7 Bd7 32. Qh4 Qxh4 33. Rxh4 Be7 34. Rh3
Bxh3 35. gxh3 Bf8 36. Nd5 Rec8 37. Nf6+ Kg7 38. Nd7 Rb7 39. Nxf8 Kxf8 40. Rd1
Rd8 41. Nc3 Rxb2 42. Rd2 f5 43. Kg2 fxe4 44. Nxe4 d5 45. Ng5 Ke7 46. Nf3 Kd6
47. Ng5 Rf8 48. Ne4+ Kc6 49. Nf2 d4 0-1

[Event "CAN-ch U20 1978-79"]
[Site "Calgary CAN"]
[Date "1978.12.28"]
[Round "3"]
[White "Barbeau, Sylvain"]
[Black "Pajak, John"]
[Result "1-0"]
[WhiteElo "1968"]
[BlackElo "2103"]
[PlyCount "97"]
[EventDate "1978.12.26"]
[EventType "tourn"]
[EventRounds "11"]
[EventCountry "CAN"]

1. Nf3 Nf6 2. c4 g6 3. Nc3 Bg7 4. e4 O-O 5. Be2 d6 6. d4 e5 7. O-O Nc6 8. d5
Ne7 9. b4 Ne8 10. c5 h6 11. Nd2 f5 12. a4 Rf7 13. Ba3 Bf8 14. a5 Nf6 15. f3 f4
16. Nc4 g5 17. b5 Ng6 18. b6 axb6 19. axb6 dxc5 20. bxc7 Qxc7 21. Nb5 Qd8 22.
d6 b6 23. Bb2 Rxa1 24. Qxa1 Be6 25. Nxe5 Nxe5 26. Bxe5 Ne8 27. Nc7 Nxc7 28.
dxc7 Rxc7 29. Bxc7 Qxc7 30. Qf6 Bb3 31. Qg6+ Kh8 32. Ra1 Qg7 33. Qxg7+ Bxg7 34.
Ra8+ Kh7 35. Bb5 c4 36. Kf1 Bd4 37. Ba4 Kg6 38. Bxb3 cxb3 39. Ra3 b2 40. Rb3 h5
41. Rb4 g4 42. Rb5 Kf6 43. Ke2 h4 44. h3 gxh3 45. gxh3 Ke6 46. Kd3 Bf6 47.
Rxb6+ Kd7 48. Kc2 Bd4 49. Rh6 1-0

[Event "CAN-ch U20 1978-79"]
[Site "Calgary CAN"]
[Date "1978.12.29"]
[Round "4"]
[White "Findlay, Ian"]
[Black "Barbeau, Sylvain"]
[Result "1-0"]
[WhiteElo "1950"]
[BlackElo "1968"]
[PlyCount "51"]
[EventDate "1978.12.26"]
[EventType "tourn"]
[EventRounds "11"]
[EventCountry "CAN"]

1. e4 c6 2. d4 d5 3. exd5 cxd5 4. c4 Nf6 5. Nc3 g6 6. cxd5 Bg7 7. Bg5 Nbd7 8.
d6 O-O 9. dxe7 Qxe7+ 10. Be2 Nb6 11. Nf3 Qb4 12. Qd2 Nc4 13. Bxc4 Qxc4 14. Ne5
Re8 15. O-O-O Qa6 16. Qf4 Bf5 17. g4 h6 18. gxf5 hxg5 19. Qxg5 Rec8 20. fxg6
Qxa2 21. gxf7+ Kf8 22. Rhg1 Ng4 23. Rxg4 Bxe5 24. Qg8+ Ke7 25. f8=Q+ Rxf8 26.
Qxa2 1-0

[Event "CAN-ch U20 1978-79"]
[Site "Calgary CAN"]
[Date "1978.12.30"]
[Round "5"]
[White "Barbeau, Sylvain"]
[Black "Pacey, Kevin"]
[Result "1/2-1/2"]
[WhiteElo "1968"]
[BlackElo "2063"]
[PlyCount "63"]
[EventDate "1978.12.26"]
[EventType "tourn"]
[EventRounds "11"]
[EventCountry "CAN"]

1. b3 Nf6 2. Bb2 d6 3. g3 g6 4. Bg2 Bg7 5. Nf3 O-O 6. O-O Nbd7 7. d4 c5 8. c4
Rb8 9. Nc3 a6 10. dxc5 Nxc5 11. b4 Ne6 12. Nd5 Nxd5 13. Bxg7 Ne3 14. fxe3 Kxg7
15. Qd2 b5 16. Rac1 bxc4 17. Rxc4 Bd7 18. Nd4 Qb6 19. Bc6 Qa7 20. Bxd7 Qxd7 21.
Nxe6+ Qxe6 22. Rfc1 Rb5 23. Qc3+ Kg8 24. Rc8 Rxc8 25. Qxc8+ Qxc8 26. Rxc8+ Kg7
27. Ra8 Rb6 28. a3 Kf6 29. Ra7 Ke6 30. e4 f5 31. exf5+ gxf5 32. Kf2 1/2-1/2

[Event "CAN-ch U20 1978-79"]
[Site "Calgary CAN"]
[Date "1979.01.02"]
[Round "7"]
[White "Pineault, Denis"]
[Black "Barbeau, Sylvain"]
[Result "0-1"]
[WhiteElo "1849"]
[BlackElo "1968"]
[PlyCount "66"]
[EventDate "1978.12.26"]
[EventType "tourn"]
[EventRounds "11"]
[EventCountry "CAN"]

1. e4 c5 2. Nf3 Nc6 3. d4 cxd4 4. Nxd4 Nf6 5. Nc3 d6 6. Be2 e5 7. Nb3 Be7 8.
O-O O-O 9. Be3 a5 10. a4 Be6 11. f3 Nb4 12. Qd2 d5 13. exd5 Nfxd5 14. Nxd5 Nxd5
15. Bf2 Qc7 16. Bd3 Rfd8 17. Rfd1 Nf4 18. Qe3 Nxd3 19. Rxd3 Qxc2 20. Rxd8+ Rxd8
21. Nxa5 Bb4 22. Qxe5 Rd1+ 23. Rxd1 Qxd1+ 24. Be1 Qxe1+ 25. Qxe1 Bxe1 26. Nxb7
Bb4 27. a5 Bd5 28. a6 Bxb7 29. axb7 Bd6 30. Kf2 Kf8 31. b4 Ke7 32. b5 Kd7 33.
b6 Kc6 0-1

[Event "CAN-ch U20 1978-79"]
[Site "Calgary CAN"]
[Date "1979.01.03"]
[Round "8"]
[White "Barbeau, Sylvain"]
[Black "Brown, Alan M"]
[Result "1-0"]
[WhiteElo "1968"]
[BlackElo "1963"]
[PlyCount "63"]
[EventDate "1978.12.26"]
[EventType "tourn"]
[EventRounds "11"]
[EventCountry "CAN"]

1. Nf3 d6 2. d4 Nf6 3. c4 Nbd7 4. Nc3 e5 5. e4 exd4 6. Nxd4 g6 7. Be2 Bg7 8.
O-O O-O 9. Be3 h6 10. Qd2 Kh7 11. b4 a5 12. a3 axb4 13. axb4 Rxa1 14. Rxa1 c5
15. bxc5 dxc5 16. Nc2 Ne5 17. Qxd8 Rxd8 18. f3 Be6 19. Nd5 b5 20. cxb5 Bxd5 21.
Rd1 Bc4 22. Rxd8 Bxe2 23. b6 Ba6 24. Ra8 Bb7 25. Ra7 Bc6 26. Rc7 Ne8 27. b7
Nxc7 28. b8=Q Ne6 29. Qa7 Bb5 30. Bxc5 Nc6 31. Qb6 Ba4 32. Bf2 1-0

[Event "CAN-ch U20 1978-79"]
[Site "Calgary CAN"]
[Date "1979.01.04"]
[Round "9"]
[White "Hawkes, Rob"]
[Black "Barbeau, Sylvain"]
[Result "0-1"]
[WhiteElo "1740"]
[BlackElo "1968"]
[PlyCount "58"]
[EventDate "1978.12.26"]
[EventType "tourn"]
[EventRounds "11"]
[EventCountry "CAN"]

1. e4 c5 2. d4 cxd4 3. Nf3 Nc6 4. Bc4 e6 5. Nxd4 Nf6 6. Nc3 d6 7. a3 Be7 8. Be3
a6 9. Qe2 O-O 10. O-O-O Qc7 11. Nxc6 bxc6 12. g4 d5 13. Bb3 Nxe4 14. Nxe4 dxe4
15. h4 c5 16. g5 Rb8 17. h5 Qe5 18. Rdg1 Rd8 19. Bd2 Rxd2 20. Qxd2 c4 21. f4
exf3 22. Re1 Qb5 23. Rhg1 cxb3 24. c3 Qf5 25. Ref1 Bb7 26. g6 Rd8 27. gxh7+
Kxh7 28. Rxg7+ Kxg7 29. Rg1+ Kh7 0-1

[Event "CAN-ch U20 1978-79"]
[Site "Calgary CAN"]
[Date "1979.01.05"]
[Round "10"]
[White "Barbeau, Sylvain"]
[Black "Leveille, Francois"]
[Result "1/2-1/2"]
[WhiteElo "1968"]
[BlackElo "1822"]
[PlyCount "72"]
[EventDate "1978.12.26"]
[EventType "tourn"]
[EventRounds "11"]
[EventCountry "CAN"]

1. Nf3 d6 2. d4 Nf6 3. c4 Nbd7 4. Nc3 e5 5. e4 Be7 6. Be2 O-O 7. O-O c6 8. Re1
Re8 9. d5 c5 10. a3 a6 11. b4 Rf8 12. Bf1 Ne8 13. Rb1 b6 14. Qc2 g6 15. Bh6 Ng7
16. Nd2 Nf6 17. f3 Kh8 18. Rb2 Ng8 19. Bxg7+ Kxg7 20. Reb1 Bg5 21. Qd3 Bxd2 22.
Qxd2 Ra7 23. bxc5 bxc5 24. Rb6 Qe7 25. Bd3 Kh8 26. Bc2 f5 27. Ba4 f4 28. Bc6 g5
29. Qb2 Rf7 30. h3 h5 31. Kf1 g4 32. hxg4 hxg4 33. Qf2 Rh7 34. Ke2 Rh2 35. Rg1
Nf6 36. Rb8 Qc7 1/2-1/2

[Event "Quebec op"]
[Site "Montreal CAN"]
[Date "1978.07.22"]
[Round "1"]
[White "Barbeau, Sylvain"]
[Black "Callahan, Reynald"]
[Result "1-0"]
[WhiteElo "1933"]
[BlackElo "1470"]
[PlyCount "69"]
[EventDate "1978.07.22"]
[EventType "swiss"]
[EventRounds "9"]
[EventCountry "CAN"]

1. Nf3 Nc6 2. g3 e5 3. d3 d5 4. Bg2 Nf6 5. O-O Bc5 6. c3 Bb6 7. b4 a6 8. Qc2
O-O 9. a3 Re8 10. e4 d4 11. c4 Ba7 12. Ne1 Ng4 13. Qe2 f5 14. h3 Nf6 15. Bg5 h6
16. Bxf6 Qxf6 17. exf5 Qxf5 18. Nd2 Rb8 19. f4 Bd7 20. g4 Qf6 21. Ne4 Qd8 22.
f5 Rf8 23. Nf3 b5 24. c5 Qe7 25. Rf2 a5 26. Qd2 axb4 27. axb4 Ra8 28. Raf1 Nb8
29. f6 Rxf6 30. Nxf6+ Kh8 31. Nd5 Qd8 32. Nxe5 Be8 33. Rf8+ Kh7 34. Be4+ g6 35.
R1f7+ 1-0

[Event "Quebec op"]
[Site "Montreal CAN"]
[Date "1978.07.23"]
[Round "2"]
[White "Sanz Alonso, Francisco Javier"]
[Black "Barbeau, Sylvain"]
[Result "1-0"]
[WhiteElo "2330"]
[BlackElo "1933"]
[PlyCount "117"]
[EventDate "1978.07.22"]
[EventType "swiss"]
[EventRounds "9"]
[EventCountry "CAN"]

1. e4 c5 2. c3 d5 3. exd5 Qxd5 4. d4 e6 5. Nf3 Nc6 6. Bd3 Nf6 7. O-O Bd7 8. Na3
cxd4 9. Nb5 Rc8 10. Bf4 dxc3 11. bxc3 Ne5 12. Nxe5 Bxb5 13. Bxb5+ Qxb5 14. Rb1
Qa6 15. Qf3 b5 16. Rfd1 Be7 17. Bg5 h6 18. Bh4 g5 19. Bg3 h5 20. h3 Rg8 21. Rd7
Rg7 22. Rbd1 Nxd7 23. Rxd7 g4 24. Qe3 Qa3 25. Qh6 Bf8 26. Qxh5 Qc1+ 27. Kh2 Qg5
28. Qh8 gxh3 29. gxh3 Rxc3 30. Rxa7 Rc8 31. h4 Qd2 32. Nc6 Rxc6 33. Ra8+ Ke7
34. Qxf8+ Kf6 35. Ra7 Rxg3 36. Rxf7+ Ke5 37. Qh8+ Ke4 38. Kxg3 Qc3+ 39. f3+ Kd3
40. Qxc3+ Kxc3 41. h5 Ra6 42. Rc7+ Kd3 43. Rb7 Rxa2 44. Rxb5 Kd4 45. h6 e5 46.
h7 Ra8 47. Rb4+ Kd5 48. Rh4 Rh8 49. Rh6 Kd4 50. Kg4 Ke3 51. Rh2 Kd4 52. Kf5
Rf8+ 53. Kg6 Ke3 54. h8=Q Rxh8 55. Rxh8 Kxf3 56. Rf8+ Kg4 57. Kf6 e4 58. Ke5 e3
59. Kd4 1-0

[Event "Quebec op"]
[Site "Montreal CAN"]
[Date "1978.07.24"]
[Round "3"]
[White "Barbeau, Sylvain"]
[Black "Breton, Nikolai"]
[Result "0-1"]
[WhiteElo "1933"]
[BlackElo "1745"]
[PlyCount "79"]
[EventDate "1978.07.22"]
[EventType "swiss"]
[EventRounds "9"]
[EventCountry "CAN"]

1. Nf3 Nf6 2. c4 g6 3. Nc3 Bg7 4. e4 d6 5. d4 O-O 6. Be2 Bg4 7. Be3 Nbd7 8. O-O
c5 9. d5 Bxf3 10. Bxf3 a6 11. Be2 h6 12. Qd2 Kh7 13. f4 Qc7 14. Kh1 Rh8 15. a4
h5 16. Bd3 Ng4 17. Bg1 Kg8 18. h3 Rc8 19. g3 Nh6 20. Rae1 Kh7 21. Qc2 Rhg8 22.
Rf3 Rcf8 23. Ref1 Qa5 24. Be3 Bxc3 25. bxc3 Kg7 26. e5 Kh7 27. e6 Nf6 28. Qd2
fxe6 29. dxe6 Qxa4 30. f5 Nxf5 31. Bxf5 gxf5 32. Qd3 Rg6 33. Rxf5 Qc6+ 34. Kh2
Kg7 35. Bg5 b5 36. Qe2 b4 37. Bxf6+ Rfxf6 38. Qxh5 Qe4 39. R5f4 Qc2+ 40. R1f2
0-1

[Event "Quebec op"]
[Site "Montreal CAN"]
[Date "1978.07.25"]
[Round "4"]
[White "McCrea, Grant"]
[Black "Barbeau, Sylvain"]
[Result "0-1"]
[WhiteElo "1645"]
[BlackElo "1933"]
[PlyCount "65"]
[EventDate "1978.07.22"]
[EventType "swiss"]
[EventRounds "9"]
[EventCountry "CAN"]

1. c4 Nf6 2. Nc3 g6 3. g3 Bg7 4. Bg2 O-O 5. d3 d6 6. Rb1 a5 7. a3 e5 8. Nf3 Nc6
9. b4 axb4 10. axb4 h6 11. O-O Ne7 12. b5 Be6 13. Nd2 Qc8 14. Nde4 Nxe4 15.
Nxe4 Bh3 16. b6 Bxg2 17. Kxg2 f5 18. Nc3 c6 19. Qb3 Kh7 20. Ba3 Qe6 21. c5 d5
22. e4 Rad8 23. f3 Qf6 24. Rbd1 h5 25. h3 Bh6 26. Bc1 Bxc1 27. Rxc1 h4 28. g4
dxe4 29. dxe4 Rd2+ 30. Rf2 Rxf2+ 31. Kxf2 fxg4 32. hxg4 Qxf3+ 33. Ke1 0-1

[Event "Quebec op"]
[Site "Montreal CAN"]
[Date "1978.07.26"]
[Round "5"]
[White "Barbeau, Sylvain"]
[Black "Delisle, Claude"]
[Result "1-0"]
[WhiteElo "1933"]
[BlackElo "1771"]
[PlyCount "35"]
[EventDate "1978.07.22"]
[EventType "swiss"]
[EventRounds "9"]
[EventCountry "CAN"]

1. Nf3 h5 2. d4 g6 3. e4 c6 4. h3 d6 5. Nc3 Bg7 6. a4 e6 7. Bd3 Ne7 8. O-O Nd7
9. Qe2 e5 10. dxe5 Nxe5 11. Nxe5 dxe5 12. Bc4 Qc7 13. Be3 O-O 14. Rfd1 Be6 15.
Bxe6 fxe6 16. Qc4 Rf6 17. Bg5 Rf7 18. a5 1-0

[Event "Quebec op"]
[Site "Montreal CAN"]
[Date "1978.07.27"]
[Round "6"]
[White "Barbeau, Sylvain"]
[Black "Jobin, Gilles"]
[Result "1-0"]
[WhiteElo "1933"]
[BlackElo "1754"]
[PlyCount "90"]
[EventDate "1978.07.22"]
[EventType "swiss"]
[EventRounds "9"]
[EventCountry "CAN"]

1. Nf3 d5 2. g3 Nf6 3. Bg2 g6 4. O-O Bg7 5. d3 O-O 6. a3 c6 7. Nbd2 Re8 8. Rb1
e5 9. e4 dxe4 10. dxe4 Bg4 11. h3 Be6 12. Qe2 Nbd7 13. Ng5 Nf8 14. b4 Nh5 15.
Nb3 h6 16. Nxe6 Nxe6 17. c3 Qc7 18. Be3 f5 19. exf5 Nf8 20. fxg6 Nf6 21. Qc4+
Kh8 22. b5 e4 23. bxc6 Nxg6 24. Bd4 Qxc6 25. Qxc6 bxc6 26. Nc5 Re7 27. Bxf6
Bxf6 28. Nxe4 Bg7 29. Rfd1 Rf8 30. f4 Rf5 31. Rd6 Nf8 32. Rxc6 Ra5 33. Rb3 Rd5
34. Rd6 Rxd6 35. Nxd6 Re6 36. Nf5 Rb6 37. Rxb6 axb6 38. Nxg7 Kxg7 39. Kf2 Kf6
40. Ke3 Ke6 41. Kd4 Kd6 42. Bd5 Nd7 43. g4 Nf6 44. c4 Nd7 45. h4 b5 1-0

[Event "Quebec op"]
[Site "Montreal CAN"]
[Date "1978.07.28"]
[Round "7"]
[White "Piasetski, Leon"]
[Black "Barbeau, Sylvain"]
[Result "1-0"]
[WhiteElo "2305"]
[BlackElo "1933"]
[PlyCount "70"]
[EventDate "1978.07.22"]
[EventType "swiss"]
[EventRounds "9"]
[EventCountry "CAN"]

1. c4 Nf6 2. Nc3 g6 3. e4 d6 4. d4 Bg7 5. f3 O-O 6. Be3 c6 7. Bd3 e5 8. Nge2
exd4 9. Bxd4 Nbd7 10. Bc2 Re8 11. O-O Nf8 12. Qd2 Be6 13. b3 Qc7 14. Rad1 Rad8
15. Kh1 a6 16. a4 N8d7 17. Nf4 Nc5 18. Qf2 Qa5 19. Nce2 Rc8 20. Bc3 Qc7 21. a5
Ncd7 22. Rd2 Bh6 23. Qh4 Bg7 24. h3 d5 25. Nxe6 fxe6 26. Rfd1 Qd8 27. e5 Nh5
28. Qxd8 Rcxd8 29. g4 Bh6 30. gxh5 Bxd2 31. Rxd2 gxh5 32. Nf4 Nf8 33. Nxh5 Re7
34. Rg2+ Kh8 35. Bd2 Rf7 1-0

[Event "Quebec op"]
[Site "Montreal CAN"]
[Date "1978.07.29"]
[Round "8"]
[White "Johnstone, Glenn"]
[Black "Barbeau, Sylvain"]
[Result "1-0"]
[WhiteElo "1803"]
[BlackElo "1933"]
[PlyCount "83"]
[EventDate "1978.07.22"]
[EventType "swiss"]
[EventRounds "9"]
[EventCountry "CAN"]

1. e4 c5 2. Bc4 e6 3. Qe2 Nc6 4. c3 Qc7 5. Bb3 g6 6. Nf3 Bg7 7. O-O Nge7 8. d3
O-O 9. Be3 Na5 10. Na3 Nxb3 11. axb3 a6 12. Qd2 Re8 13. Bf4 d6 14. Nb5 Qb6 15.
Nxd6 Rd8 16. Nc4 Qxb3 17. Bc7 Rd7 18. Bb6 Nc6 19. Bxc5 Qb5 20. Be3 Rb8 21. Bh6
b6 22. Bxg7 Kxg7 23. Qf4 f6 24. e5 f5 25. Qg5 Nd8 26. Qf6+ Kg8 27. Nd4 Qd5 28.
Ne3 Qc5 29. Nxe6 Nxe6 30. Qxe6+ Rf7 31. Qd5 Qc7 32. d4 Bb7 33. Qc4 Qd8 34. Rad1
f4 35. Ng4 Bd5 36. Qxa6 Qg5 37. f3 Kg7 38. Rf2 h5 39. Nf6 Bb7 40. Qxb6 Bxf3 41.
Qxb8 Bxd1 42. Qg8+ 1-0

[Event "CAN-ch Highschool"]
[Site "Hamilton CAN"]
[Date "1978.07.16"]
[Round "1"]
[White "Filipovich, David"]
[Black "Barbeau, Sylvain"]
[Result "1/2-1/2"]
[WhiteElo "1850"]
[BlackElo "1852"]
[PlyCount "70"]
[EventDate "1978.07.16"]
[EventType "tourn"]
[EventRounds "7"]
[EventCountry "CAN"]

1. Nf3 Nf6 2. g3 g6 3. b3 Bg7 4. Bb2 O-O 5. Bg2 d6 6. d4 Nbd7 7. O-O e5 8. dxe5
Ng4 9. c4 Ngxe5 10. Nc3 Nxf3+ 11. Bxf3 Ne5 12. Bg2 Bd7 13. Qd2 Rb8 14. Rad1 Bc6
15. Nd5 f6 16. Bd4 a6 17. Qc3 Kh8 18. f4 Nd7 19. g4 Rc8 20. g5 Bxd5 21. cxd5
Qe7 22. Bh3 f5 23. e4 Nc5 24. Rde1 Nxe4 25. Rxe4 fxe4 26. Bxc8 Rxc8 27. Re1 Re8
28. Bxg7+ Qxg7 29. Qxg7+ Kxg7 30. Kf2 c6 31. Rd1 e3+ 32. Ke2 cxd5 33. Rxd5 Re4
34. Rxd6 Rxf4 35. Kxe3 Rf7 1/2-1/2

[Event "CAN-ch Highschool"]
[Site "Hamilton CAN"]
[Date "1978.07.17"]
[Round "2"]
[White "Barbeau, Sylvain"]
[Black "Neven, Knut"]
[Result "1/2-1/2"]
[WhiteElo "1852"]
[BlackElo "1700"]
[PlyCount "82"]
[EventDate "1978.07.16"]
[EventType "tourn"]
[EventRounds "7"]
[EventCountry "CAN"]

1. Nf3 Nf6 2. c4 c5 3. g3 g6 4. Bg2 Bg7 5. O-O O-O 6. Nc3 Nc6 7. d4 cxd4 8.
Nxd4 a6 9. Nxc6 bxc6 10. c5 Bb7 11. e4 d5 12. Qb3 Ra7 13. Rd1 e6 14. Bf4 Nd7
15. Bd6 Re8 16. f4 Bf8 17. Bxf8 Rxf8 18. Na4 a5 19. Rac1 Ba6 20. Qe3 Rb7 21. b3
Re8 22. e5 Bb5 23. Nb2 Qe7 24. Rd2 Reb8 25. Bf3 Kg7 26. g4 Rg8 27. Be2 Nb8 28.
Bd3 Kf8 29. Kh1 Nd7 30. Rf2 Ke8 31. Bxb5 Rxb5 32. Nd3 Kd8 33. Rb2 Kc7 34. a4
Rb7 35. Qd2 Ra8 36. b4 axb4 37. Rxb4 Qd8 38. Rcb1 Rxb4 39. Rxb4 Qc8 40. Qc3 Qa6
41. Kg2 Rb8 1/2-1/2

[Event "CAN-ch Highschool"]
[Site "Hamilton CAN"]
[Date "1978.07.17"]
[Round "3"]
[White "Monro, Kent"]
[Black "Barbeau, Sylvain"]
[Result "0-1"]
[WhiteElo "1708"]
[BlackElo "1852"]
[PlyCount "92"]
[EventDate "1978.07.16"]
[EventType "tourn"]
[EventRounds "7"]
[EventCountry "CAN"]

1. e4 c5 2. Nf3 Nc6 3. d4 cxd4 4. Nxd4 Nf6 5. Nc3 d6 6. Be2 e5 7. Nb3 Be7 8.
Be3 Be6 9. Qd2 O-O 10. f4 exf4 11. Bxf4 d5 12. exd5 Nxd5 13. Nxd5 Bxd5 14. O-O
Bf6 15. c4 Be4 16. Rad1 Re8 17. Kh1 Qe7 18. Rde1 Rad8 19. Qc1 Bh4 20. Bg3 Bxg3
21. hxg3 Qe5 22. Qf4 Qxb2 23. Qxf7+ Kh8 24. Qh5 Bg6 25. Qg5 Qxa2 26. Nc5 Qa5
27. Ra1 Qc7 28. Rad1 Rxd1 29. Bxd1 Kg8 30. Bf3 Ne5 31. Bd5+ Bf7 32. Ne4 Qe7 33.
Nf6+ Kh8 34. Qxe5 Qxe5 35. Nxe8 Qxe8 36. Rxf7 g6 37. Rxb7 Qe3 38. Kh2 a5 39.
Rb8+ Kg7 40. Ra8 Qc5 41. g4 Kf6 42. Ra6+ Kg5 43. Bf3 Qe5+ 44. Kg1 Qe1+ 45. Kh2
Kh4 46. Ra7 Qe5+ 0-1

[Event "CAN-ch Highschool"]
[Site "Hamilton CAN"]
[Date "1978.07.18"]
[Round "4"]
[White "Barbeau, Sylvain"]
[Black "Bogle, Bill"]
[Result "1-0"]
[WhiteElo "1852"]
[BlackElo "1599"]
[PlyCount "59"]
[EventDate "1978.07.16"]
[EventType "tourn"]
[EventRounds "7"]
[EventCountry "CAN"]

1. Nf3 f5 2. b3 Nf6 3. Bb2 e6 4. g3 b6 5. Bg2 Bb7 6. O-O Be7 7. c4 O-O 8. d3
Nh5 9. Nc3 f4 10. d4 d5 11. Bh3 Bc8 12. Ne5 dxc4 13. Bg2 c6 14. Nxc6 Nxc6 15.
Bxc6 Ba6 16. Bf3 Nf6 17. Bxa8 Qxa8 18. bxc4 Bxc4 19. Qa4 b5 20. Nxb5 Bxb5 21.
Qxb5 Rb8 22. Qe5 Rxb2 23. Qxe6+ Kf8 24. Rac1 Rb8 25. Rc7 Nd5 26. Rd7 Rd8 27.
Rc1 Rxd7 28. Qxd7 Kf7 29. Rc8 Nf6 30. Qxe7+ 1-0

[Event "CAN-ch Highschool"]
[Site "Hamilton CAN"]
[Date "1978.07.19"]
[Round "5"]
[White "Brown, Kevin"]
[Black "Barbeau, Sylvain"]
[Result "0-1"]
[WhiteElo "1682"]
[BlackElo "1852"]
[PlyCount "48"]
[EventDate "1978.07.16"]
[EventType "tourn"]
[EventRounds "7"]
[EventCountry "CAN"]

1. c4 Nf6 2. Nc3 g6 3. e4 d6 4. d4 Bg7 5. Nf3 O-O 6. Be2 e5 7. O-O Nbd7 8. Be3
Ng4 9. Qd2 Nxe3 10. Qxe3 Re8 11. d5 a5 12. b3 f5 13. Rac1 f4 14. Qd2 Nc5 15.
Ne1 Rf8 16. Nd3 Nxd3 17. Qxd3 b6 18. a3 Qh4 19. Ra1 g5 20. f3 h5 21. Qd1 g4 22.
Bd3 g3 23. hxg3 fxg3 24. Re1 Qh2+ 0-1

[Event "CAN-ch Highschool"]
[Site "Hamilton CAN"]
[Date "1978.07.19"]
[Round "6"]
[White "Barbeau, Sylvain"]
[Black "Woodley, James"]
[Result "1/2-1/2"]
[WhiteElo "1852"]
[BlackElo "1653"]
[PlyCount "100"]
[EventDate "1978.07.16"]
[EventType "tourn"]
[EventRounds "7"]
[EventCountry "CAN"]

1. Nf3 Nf6 2. c4 c5 3. g3 g6 4. Bg2 Bg7 5. O-O O-O 6. Nc3 Nc6 7. d4 cxd4 8.
Nxd4 Nxd4 9. Qxd4 a6 10. Qd3 Rb8 11. Bd2 d6 12. Rac1 Bf5 13. e4 Be6 14. b3 Nd7
15. Kh1 Qc8 16. Nd5 Bxd5 17. cxd5 Qd8 18. Rc2 b5 19. Rfc1 Nc5 20. Qe2 a5 21.
Be3 Qd7 22. Bxc5 dxc5 23. Rxc5 Rfc8 24. Bf1 Rxc5 25. Rxc5 Bd4 26. Rc6 Qa7 27.
Kg2 a4 28. Qc2 axb3 29. axb3 b4 30. Bc4 Rb6 31. Rc8+ Kg7 32. Bd3 Rb7 33. Qe2
Rc7 34. Rxc7 Qxc7 35. Bc4 f6 36. f4 Bc3 37. h4 h6 38. Qf3 Qd6 39. f5 g5 40. Qh5
Be1 41. Qg6+ Kf8 42. Qxh6+ Ke8 43. Qh5+ Kd8 44. Qf3 gxh4 45. g4 Qg3+ 46. Qxg3
Bxg3 47. Kf3 Bd6 48. Bf1 Ke8 49. Ke3 Kf7 50. Bh3 Kg7 1/2-1/2

[Event "CAN-ch Highschool"]
[Site "Hamilton CAN"]
[Date "1978.07.20"]
[Round "7"]
[White "Hawkes, Rob"]
[Black "Barbeau, Sylvain"]
[Result "0-1"]
[WhiteElo "1742"]
[BlackElo "1852"]
[PlyCount "48"]
[EventDate "1978.07.16"]
[EventType "tourn"]
[EventRounds "7"]
[EventCountry "CAN"]

1. c4 Nf6 2. Nc3 g6 3. d4 d5 4. Bg5 Ne4 5. Nxe4 dxe4 6. f3 Bg7 7. e3 c5 8. Qd2
cxd4 9. O-O-O Nc6 10. fxe4 O-O 11. Nf3 Bg4 12. Kb1 Qb6 13. exd4 Bxf3 14. gxf3
Nxd4 15. Qf2 Rfe8 16. h4 Rad8 17. Bg2 Qc5 18. Be3 Qxc4 19. h5 Ne2 20. hxg6 Nc3+
21. bxc3 Qxc3 22. gxf7+ Kxf7 23. Rd2 Rd3 24. Rxh7 Qa1+ 0-1

[Event "CAN-ch Highschool"]
[Site "Moncton CAN"]
[Date "1977.??.??"]
[Round "1"]
[White "Pajak, John"]
[Black "Barbeau, Sylvain"]
[Result "1/2-1/2"]
[WhiteElo "1865"]
[BlackElo "1875"]
[PlyCount "134"]
[EventDate "1977.07.21"]
[EventType "tourn"]
[EventRounds "6"]
[EventCountry "CAN"]

1. e4 c5 2. Nf3 Nc6 3. Nc3 d6 4. Bb5 e5 5. O-O g6 6. Re1 Bg7 7. Nd5 Nge7 8. c3
O-O 9. d4 cxd4 10. Nxe7+ Qxe7 11. Bxc6 bxc6 12. cxd4 Bg4 13. dxe5 Bxe5 14. h3
Bxf3 15. Qxf3 Rab8 16. Rb1 c5 17. b3 f5 18. Bb2 Bxb2 19. Rxb2 fxe4 20. Rxe4
Rxf3 21. Rxe7 Rf7 22. Rbe2 Rb7 23. Re8+ Kg7 24. f3 Rfd7 25. Kf2 Kf7 26. Rh8 Kg7
27. Ree8 Kf6 28. Ke3 Re7+ 29. Kd3 Ke6 30. Rxe7+ Rxe7 31. Kc4 Rc7 32. Re8+ Kd7
33. Ra8 Kc6 34. a4 d5+ 35. Kc3 Rb7 36. Rc8+ Kd6 37. Rd8+ Ke5 38. Re8+ Kf4 39.
Rc8 d4+ 40. Kb2 Ke3 41. Rxc5 Kd2 42. Re5 d3 43. f4 Rc7 44. g4 Rc2+ 45. Kb1 Kd1
46. Re3 d2 47. f5 gxf5 48. gxf5 Rc5 49. f6 Rf5 50. Re6 a5 51. Kb2 Rf2 52. b4
Re2 53. f7 Ke1 54. Rxe2+ Kxe2 55. f8=Q d1=Q 56. Qe7+ Kf2 57. Qf6+ Kg2 58. Qg7+
Kxh3 59. Qxh7+ Kg3 60. Qc2 Qd8 61. bxa5 Kf4 62. Qc4+ Ke5 63. a6 Qd2+ 64. Ka3
Kd6 65. Qc8 Qe3+ 66. Kb2 Qf2+ 67. Kb1 Qb6+ 1/2-1/2

[Event "CAN-ch Highschool"]
[Site "Moncton CAN"]
[Date "1977.??.??"]
[Round "2"]
[White "Barbeau, Sylvain"]
[Black "Giovannetti, Mark"]
[Result "1/2-1/2"]
[WhiteElo "1875"]
[BlackElo "2005"]
[PlyCount "78"]
[EventDate "1977.07.21"]
[EventType "tourn"]
[EventRounds "6"]
[EventCountry "CAN"]

1. e4 c5 2. Nf3 Nc6 3. d4 cxd4 4. Nxd4 e6 5. g3 a6 6. Bg2 Qc7 7. c4 Nf6 8. O-O
Be7 9. b3 O-O 10. Bb2 d6 11. Kh1 Bd7 12. Qe2 Nxd4 13. Bxd4 Bc6 14. Nc3 Nd7 15.
f4 Bf6 16. Bxf6 Nxf6 17. Rad1 Rad8 18. g4 Qa5 19. g5 Qxc3 20. Rd3 Qa5 21. gxf6
gxf6 22. Qg4+ Kh8 23. Qh4 Rg8 24. Qxf6+ Rg7 25. Rg3 Rdg8 26. Rxg7 Rxg7 27. Bf3
Qb6 28. Qc3 f5 29. exf5 Bxf3+ 30. Qxf3 exf5 31. Rd1 Qc5 32. a4 a5 33. Re1 h6
34. Rf1 Kh7 35. Rd1 Kh8 36. Re1 Kh7 37. Rd1 Kh8 38. Re1 Kh7 39. Rd1 Kh8 1/2-1/2